Hodnotenie emisií skleníkových plynov v Slovenskej republike

Možná kauzálna závislosť medzi čistým prílevom priamych zahraničných investícií a emisiami vybraných druhov skleníkových plynov. Porovnanie vplyvu na veľkosť čistého prílevu priamych zahraničných investícií v percentuálnom pomere k hrubému domácemu produktu v SR.

Gespeichert in:
Bibliographische Detailangaben
1. Verfasser: Kubicová, Jana, 1961-
Format: Buchkapitel
Sprache:Slowakisch
Schlagworte:
Tags: Tag hinzufügen
Keine Tags, Fügen Sie das erste Tag hinzu!

MARC

LEADER 00000naa$a2200000$$$4500
001 0183761
005 20240502073139.0
041 0 |a slo 
044 |a SK 
245 1 0 |a Hodnotenie emisií skleníkových plynov v Slovenskej republike  |c Jana Kubicová 
520 |a Možná kauzálna závislosť medzi čistým prílevom priamych zahraničných investícií a emisiami vybraných druhov skleníkových plynov. Porovnanie vplyvu na veľkosť čistého prílevu priamych zahraničných investícií v percentuálnom pomere k hrubému domácemu produktu v SR. 
610 2 0 |a emisie 
610 2 0 |a prostredie životné 
610 2 0 |a ekonomika environmentálna 
610 2 0 |a investície priame zahraničné 
610 2 0 |a environmentalistika 
100 1 |a Kubicová, Jana, 1961-